| 000 | 01210cab a2200253 4500 | ||
|---|---|---|---|
| 001 | ABS52309 | ||
| 008 | 090401t1995 xxu||||| |||| 00| 0 eng d | ||
| 035 | _a(Sirsi) u72386 | ||
| 041 | _aeng | ||
| 245 | _aDong Bang Minerva (UK) Ltd v Davina Ltd | ||
| 260 | _c1995 | ||
| 350 | _a0 | ||
| 490 |
_aEstates Gazette _v1995 05 EG 162-168(7) |
||
| 520 | _aChD 8 June 1994. Claim by plaintiff tenant Dong Bang Minerva (UK) Ltd (X) for damages against defendant landlord Davina Ltd (Y) for breach of statutory duty under the Landlord and Tenant Act 1988. X applied to Y to sublet part of its premises but on failing to win Y`s consent instigated this action. Y alleged that as X had failed to give any undertaking to meet any costs involved. Y was in breach of its statutory duty under the 1988 Act and should have reasonably been expected to given its conditional consent to sublet by August 1993. | ||
| 650 | _aADMISSIBLE REASONS FOR REFUSAL | ||
| 650 | _aCONSENT TO SUBLET | ||
| 650 | _aLANDLORD AND TENANT ACT 1988 S1(3) | ||
| 650 | _aLEASES | ||
| 650 | _aREASONABLE TIME | ||
| 650 | _aSUBLETTING | ||
| 690 | _aLANDLORD AND TENANT-CASE LAW-BUSINESS TENANCIES | ||
| 942 | _n0 | ||
| 948 | _c04/03/1997 | ||
| 999 |
_c45731 _d45731 |
||